[Event "5. OPEN International Championship of Vo"]
[Site "Novi Sad - MASTER CENTAR - SAJ"]
[Date "2014.07.14"]
[Round "4.27"]
[White "Kollari, Sulejman"]
[Black "Wilschut, Peter"]
[Result "0-1"]
[WhiteElo "2104"]
[BlackElo "2250"]
[PlyCount "96"]
[EventDate "2014.07.12"]

1. e4 e6 2. d4 d5 3. exd5 exd5 4. h3 c5 5. dxc5 Bxc5 6. Nf3 Qb6 7. Qe2+ Kf8 8.
Nbd2 Nc6 9. Nb3 Bxh3 10. Kd1 Bg4 11. Nxc5 Qxc5 12. Be3 d4 13. Bf4 Nf6 14. Qc4
Qxc4 15. Bxc4 Ne4 16. Rf1 g5 17. Bh2 Re8 18. Be2 f5 19. Ng1 Bxe2+ 20. Nxe2 Kf7
21. f3 Nf6 22. Bg1 Rd8 23. Kd2 Rd5 24. Rad1 Rhd8 25. Nc1 a6 26. Nd3 Ne5 27.
Nxe5+ Rxe5 28. Kc1 Red5 29. Rd3 Nh5 30. Bh2 f4 31. Rfd1 Ke6 32. Bg1 Ng3 33. Bf2
Nf5 34. Rg1 h5 35. g3 fxg3 36. Bxg3 Nxg3 37. Rxg3 Rf8 38. Kd2 Rf4 39. Ke2 Re5+
40. Kf2 g4 41. Rg1 Ref5 42. Rh1 Rxf3+ 43. Rxf3 Rxf3+ 44. Ke2 Rf5 45. Kd3 Kd5
46. Re1 g3 47. c3 Rf3+ 48. Ke2 Re3+ 0-1

[Event "5. OPEN International Championship of Vo"]
[Site "Novi Sad - MASTER CENTAR - SAJ"]
[Date "2014.07.14"]
[Round "4.28"]
[White "Pardic, Oliver"]
[Black "Matic, Novica"]
[Result "1-0"]
[WhiteElo "2242"]
[BlackElo "2061"]
[PlyCount "47"]
[EventDate "2014.07.12"]

1. Nf3 Nf6 2. Nc3 c5 3. d4 cxd4 4. Nxd4 d6 5. g3 a6 6. Bg2 e5 7. Nb3 Be7 8. O-O
Qc7 9. Bg5 Nbd7 10. f4 b5 11. Bxa8 Qa7+ 12. e3 Qxa8 13. a3 h6 14. Bh4 g5 15.
fxg5 Nh7 16. Qh5 Nxg5 17. Bxg5 Bxg5 18. Qxf7+ Kd8 19. Nd5 Bb7 20. e4 Qa7+ 21.
Kg2 Rf8 22. Qe6 Re8 23. Qxd6 a5 24. Qc7# 1-0

[Event "5. OPEN International Championship of Vo"]
[Site "Novi Sad - MASTER CENTAR - SAJ"]
[Date "2014.07.14"]
[Round "4.29"]
[White "Musicki, Stevan"]
[Black "Kler, Borko"]
[Result "0-1"]
[WhiteElo "2101"]
[BlackElo "2242"]
[PlyCount "54"]
[EventDate "2014.07.12"]

1. d4 Nf6 2. c4 g6 3. Nc3 Bg7 4. e4 d6 5. Nf3 O-O 6. Be2 Nbd7 7. O-O c5 8. d5
Ne8 9. Bg5 h6 10. Bh4 Ne5 11. Nxe5 dxe5 12. f3 Bd7 13. Qd2 Nd6 14. Rab1 Rc8 15.
Bd3 b5 16. cxb5 c4 17. Be2 Bxb5 18. Nxb5 Nxb5 19. Rbc1 Nd6 20. Qe3 f5 21. Be1
Qb6 22. Qxb6 axb6 23. Bb4 fxe4 24. Bxd6 exd6 25. fxe4 Rf6 26. Bxc4 Rxf1+ 27.
Kxf1 b5 0-1

[Event "5. OPEN International Championship of Vo"]
[Site "Novi Sad - MASTER CENTAR - SAJ"]
[Date "2014.07.14"]
[Round "4.30"]
[White "Drogovoz, Irina"]
[Black "Sorgic, Dragan"]
[Result "0-1"]
[WhiteElo "2073"]
[BlackElo "2238"]
[PlyCount "86"]
[EventDate "2014.07.12"]

1. d4 Nf6 2. c4 g6 3. Nc3 Bg7 4. e4 d6 5. h3 O-O 6. Nf3 e5 7. d5 a5 8. Bg5 Na6
9. Be2 Qe8 10. g4 Nc5 11. Nd2 c6 12. Qc2 cxd5 13. cxd5 Bd7 14. Be3 Qb8 15. g5
Ne8 16. a4 b6 17. Nc4 Qd8 18. Nb5 Bxb5 19. axb5 Rb8 20. h4 Nc7 21. Na3 f5 22.
f3 Qe7 23. O-O-O fxe4 24. fxe4 Rf4 25. Bxc5 bxc5 26. Kb1 h6 27. Rdg1 h5 28. Bd3
Kh7 29. Qb3 a4 30. Qc4 Na8 31. Qxa4 Nb6 32. Qa5 c4 33. Bc2 Qc7 34. Qb4 Ra8 35.
Rg3 Bf8 36. Rc3 Qa7 37. Kc1 Qf7 38. Re3 Rf1+ 39. Re1 Rf3 40. Kb1 c3 41. Nc4 Qa7
42. Bb3 Rf2 43. Qa3 Rxb2+ 0-1

[Event "5. OPEN International Championship of Vo"]
[Site "Novi Sad - MASTER CENTAR - SAJ"]
[Date "2014.07.14"]
[Round "4.32"]
[White "Burovic, Rijad"]
[Black "Popovic, Milan S"]
[Result "1-0"]
[WhiteElo "2061"]
[BlackElo "2218"]
[PlyCount "91"]
[EventDate "2014.07.12"]

1. e4 c5 2. d3 Nc6 3. g3 d5 4. Nd2 Nf6 5. Bg2 Bg4 6. f3 Bc8 7. Ne2 h5 8. h3 e5
9. O-O h4 10. g4 dxe4 11. fxe4 Nd4 12. Nc4 Nxg4 13. c3 Nxe2+ 14. Qxe2 Nf6 15.
Nxe5 Be6 16. Nxf7 Kxf7 17. e5 Qd7 18. exf6 g6 19. Qf3 Rd8 20. Be3 Rh5 21. d4
Bd5 22. Qg4 Be6 23. Qf3 Bd5 24. Qf2 Rf5 25. Qxh4 Rh5 26. Qg3 Bxg2 27. Kxg2 Re8
28. Rae1 Bd6 29. Qg4 Qc6+ 30. Qf3 Re4 31. Bd2 Rxe1 32. Bxe1 Qd7 33. d5 Bc7 34.
c4 Qd6 35. Rf2 Rf5 36. Qg4 Qh2+ 37. Kf1 Qh1+ 38. Ke2 Bg3 39. Qxg3 Qe4+ 40. Kf1
Qh1+ 41. Qg1 Qxh3+ 42. Qg2 Qd3+ 43. Kg1 Qe3 44. Bd2 Qd4 45. Qg3 Qxf6 46. Bc3
1-0

[Event "5. OPEN International Championship of V"]
[Site "?"]
[Date "2014.07.15"]
[Round "4.33"]
[White "Titov, Ivan"]
[Black "Besedes, Danilo"]
[Result "1/2-1/2"]
[WhiteElo "2215"]
[BlackElo "2029"]
[PlyCount "105"]
[EventDate "2014.07.15"]
[SourceDate "2014.07.15"]

1. d4 Nf6 2. c4 g6 3. h4 Bg7 4. Nc3 d6 5. e4 Nc6 6. d5 Ne5 7. Be2 h5 8. Bg5 c6
9. Qd2 a6 10. Nf3 Nxf3+ 11. Bxf3 Bg4 12. dxc6 bxc6 13. e5 Bxf3 14. exf6 exf6
15. Bf4 Bxg2 16. Bxd6 Bxh1 17. Qe3+ Kd7 18. O-O-O Kc8 19. Qh3+ Qd7 20. Qxh1 Rd8
21. Na4 Rb8 22. Nc5 Bh6+ 23. Kb1 Qxd6 24. Rxd6 Rxd6 25. Qe4 Rd1+ 26. Kc2 Rd2+
27. Kc3 Rbxb2 28. Qe8+ Kc7 29. Nxa6+ Kb6 30. Nb4 Bf4 31. Qxc6+ Ka7 32. Qa6+ Kb8
33. Qb6+ Kc8 34. Qc6+ Kb8 35. Qxf6 Bd6 36. Qd8+ Kb7 37. Qd7+ Ka8 38. Qc8+ Ka7
39. Nc6+ Kb6 40. a3 Bxa3 41. Qb8+ Kxc6 42. Qa8+ Kc7 43. Qxa3 Rxf2 44. Qa7+ Kc6
45. Qa6+ Kc5 46. Qc8+ Kd6 47. Qd8+ Kc6 48. Qe8+ Kc7 49. Kd4 Rbd2+ 50. Kc5 Rf5+
51. Kb4 Rb2+ 52. Kc3 Rbf2 53. Qe7+ 1/2-1/2